|
|
|
|
| LEADER |
04334nam a22004213i 4500 |
| 001 |
EBC6637569 |
| 003 |
MiAaPQ |
| 005 |
20231204023216.0 |
| 006 |
m o d | |
| 007 |
cr cnu|||||||| |
| 008 |
231204s2020 xx o ||||0 eng d |
| 020 |
|
|
|a 9783110619003
|q (electronic bk.)
|
| 035 |
|
|
|a (MiAaPQ)EBC6637569
|
| 035 |
|
|
|a (Au-PeEL)EBL6637569
|
| 035 |
|
|
|a (OCoLC)1202623930
|
| 040 |
|
|
|a MiAaPQ
|b eng
|e rda
|e pn
|c MiAaPQ
|d MiAaPQ
|
| 100 |
1 |
|
|a Zepp, Susanne.
|
| 245 |
1 |
0 |
|a Disseminating Jewish Literatures :
|b Knowledge, Research, Curricula.
|
| 250 |
|
|
|a 1st ed.
|
| 264 |
|
1 |
|a Berlin/Boston :
|b Walter de Gruyter GmbH,
|c 2020.
|
| 264 |
|
4 |
|c ©2020.
|
| 300 |
|
|
|a 1 online resource (326 pages)
|
| 336 |
|
|
|a text
|b txt
|2 rdacontent
|
| 337 |
|
|
|a computer
|b c
|2 rdamedia
|
| 338 |
|
|
|a online resource
|b cr
|2 rdacarrier
|
| 505 |
0 |
|
|a Intro -- Introduction -- Table of Contents -- I Case Studies Spanish and Portuguese Literatures -- On Integrating Jewish Literature(s) into the Teaching of Early Modern Spanish Literature: Preliminary Thoughts -- The Jewish Auto-Sacramental Plays as Jewish Baroque Drama -- Integrating the Writings of the Western Sephardic Diaspora into the Literature of the Spanish Golden Age -- Post-Essentialist Belonging in Portuguese: Herberto Helder (1930-2015) -- II Case Studies German, Turkish and Arabic Literatures -- A Few Remarks about Teaching Jewish Turkish Literature -- Teaching Literatures by Arabized Jews: Medieval and Modern -- Dissenting Narratives - The Figure of the 'Arab Jew' in Contemporary Arabic Literature and Film -- German-Jewish Literature: An Interruption -- Reading Kafka in Turkey -- Unraveling Heimat - Recontextualizing Gertrud Kolmar's Das preußische Wappenbuch -- III Case Studies American and English Literatures -- Configurations of Jewishness in Modernism: Woolf and Joyce -- Planetarity in the Global? Modern Jewish Literature in English -- Yiddish in Jewish-American Literature: An Asset to Teaching at German Universities -- Affiliated Identities as a Design Tool for a Jewish Literature Course -- IV Case Studies French and Italian Literatures -- Case Study: Belonging in Dialogue. How to Integrate Hélène Cixous and Jacques Derrida in French Literary Studies -- Teaching Contemporary French Literature: The Case of Cécile Wajsbrot -- Ways to integrate Jewish Literature into the Broader Context of Academic Teaching -- Redefining and Integrating Jewish Writers into the Study of Historical Avant-Garde(s) -- Primo Levi: Between Literature and the World -- V Case Studies Latin American Literatures -- A Case Study in Latin American Literature: Ilan Stavans' On Borrowed Words.
|
| 505 |
8 |
|
|a Jewish Latin American Literary Studies: Between Old Challenges and New Paradigms -- An Historical Approach to Contemporary Brazilian Literature: The Example of Bernardo Kucinski -- On Integrating Jewish Literatures into Teaching and Research -- VI Case Studies Hebrew and Yiddish Literatures -- Jewish Writing and Gender between the National and the Transnational -- Producing Radical Presence: Yiddish Literature in Twenty-first Century Israel -- The Unhomely In/Of Hebrew Literature -- The Yiddish Roots of Modern Jewish Writing in Europe and America -- The Place of Hebrew: Maya Arad's Another Place, a Foreign City -- VII Case Studies Russian, Eastern European and Hungarian Literatures -- Traces, Memories: On Péter Nádas -- Osip Mandelstam's Postmultilingual Condition -- About the Integration of Jewish Literatures into Slavonic Studies -- Polish Jewish Literature: A Brief History, Theoretical Framework, and a Teaching Example.
|
| 588 |
|
|
|a Description based on publisher supplied metadata and other sources.
|
| 590 |
|
|
|a Electronic reproduction. Ann Arbor, Michigan : ProQuest Ebook Central, 2023. Available via World Wide Web. Access may be limited to ProQuest Ebook Central affiliated libraries.
|
| 655 |
|
4 |
|a Electronic books.
|
| 700 |
1 |
|
|a Fine, Ruth.
|
| 700 |
1 |
|
|a Gordinsky, Natasha.
|
| 700 |
1 |
|
|a Konuk, Kader.
|
| 700 |
1 |
|
|a Olk, Claudia.
|
| 700 |
1 |
|
|a Shahar, Galili.
|
| 776 |
0 |
8 |
|i Print version:
|a Zepp, Susanne
|t Disseminating Jewish Literatures
|d Berlin/Boston : Walter de Gruyter GmbH,c2020
|
| 797 |
2 |
|
|a ProQuest (Firm)
|
| 856 |
4 |
0 |
|u https://ebookcentral.proquest.com/lib/matrademy/detail.action?docID=6637569
|z Click to View
|